Econometrics

Сохранить в:
Библиографические подробности
Главные авторы: Wonnacott, Ronald J (Автор), Wonnacott, Thomas H (Автор)
Формат:
Язык:английский
Опубликовано: Nueva York John Wiley 1979
Редактирование:2a. ed
Серии:Wiley Series in Probability and Mathematical Statistics
Предметы:
Метки: Добавить метку
Нет меток, Требуется 1-ая метка записи!

MARC

LEADER 00000nam a2200000 a 4500
001 UCQ3002
003 CL-VaPUC
008 980817e19790000US |||||||||||||||||eng|d
082 0 4 |a 330.015  |b WON  |2 21 
100 0 |a Wonnacott, Ronald J  |e author  |9 417051 
700 0 |a Wonnacott, Thomas H  |e author  |9 417052 
245 1 0 |a Econometrics 
250 |a 2a. ed 
300 |a 580 p 
942 |c BK 
945 |d 19980817 00:00:00  |a aarredon 
260 |a Nueva York  |b John Wiley  |c 1979 
650 0 |a Econometría   |9 261029 
650 0 |a Economía   |9 255568 
650 0 |a Modelos económicos  |9 324997 
650 0 |a Estadística   |9 259535 
650 0 |a Análisis vectorial   |9 260451 
650 7 |a REGRESION  |2 CL-VaPUC  |9 417053 
650 7 |a CORRELACION LINEAL  |2 CL-VaPUC  |9 417054 
583 |a last modification  |c 19980817 00:00:00  |k Rodrigo Vera 
490 0 |a Wiley Series in Probability and Mathematical Statistics 
999 |c 273684  |d 273682 
952 |0 0  |1 0  |4 0  |6 330_015000000000000_WON_1979  |7 0  |8 A  |9 309489  |a BIBMAT  |b BIBMAT  |d 2019-11-20  |i 2894742  |o 330.015 WON 1979  |p 2894742  |r 2025-01-07  |w 2019-11-20  |y BK  |k MAT